LEADER 01106nam a2200265 i 4500 001 000000005620 003 CaOOAMICUS 005 20251029113836.0 008 180830s2017 it u000 u ita u 020 $a978-88-15-27318-5 040 $aSeMil$bita 100 1 $aMelloni, Alberto,$d<1959- >.$0(OLS)http://semarc/name/1370 245 10$aLutero :$bun cristiano e la sua eredità, 1517-2017 /$cdirezione di Alberto Melloni. 260 $aBologna :$bIl Mulino,$c2017. 300 $a2 v. ;$c26 cm. 500 $aIn custodia. 600 14$aLutero, Martin <1483-1546>.$0(OLS)http://semarc/subject/3365 650 4$aRiforma protestante.$0(OLS)http://semarc/subject/4876 650 4$aCultura - Influssi [di] Luther, Martin <1483-1546>.$0(OLS)http://semarc/subject/44667 774 0 $tVol. 1.$g1$w()81829 774 0 $tVol. 2.$g2$w()259031 996 $6020$a978-88-15-27318-5$9(OLS)http://semarc/number/269698 996 $6245$aLutero :$bun cristiano e la sua eredità, 1517-2017$9(OLS)http://semarc/title/400835 996 $6260$aBologna :$bIl Mulino$9(OLS)http://semarc/publisher/29842 LEADER 01105nam a2200241 i 4500 001 000000115099 003 CaOOAMICUS 005 20030513000000.0 008 030513s1974 it u000 u eng u 013 $a87787 040 $aSeMil$bita 100 1 $aKilgallen, John J.,$c.$0(OLS)http://semarc/name/48015 245 12$aA literary and redactional study of Acts 7, 2-53 /$cAuctore John J. Kilgallen. 260 $aRomae :$b[s.n.],$c1974. 300 $a58 p. ;$c25 cm. 500 $aIn preliminari : Dedica autografa dell'Autore. - In testa al front. : Pontificium Institutum Biblicum. - Excerpta ex dissertatione ad Lauream in Facultate Biblica. - Fondo Card. C.M. Martini. 650 4$aBibbia - NT - Atti degli Apostoli - 7.$0(OLS)http://semarc/subject/21031 850 $aSeMil 852 $aSeMil$W1$xVenegono$y1$m2I V 552$j70636$B70636$CSeMilBibl$Z2$F84591 $81 941 1 $a4 961 $aOmaggio: Martini Card. Carlo Maria 996 $6245$aA literary and redactional study of Acts 7, 2-53$9(OLS)http://semarc/title/168464 996 $6260$aRomae :$b[s.n.]$9(OLS)http://semarc/publisher/29812